02073cam a2200301 a 450000100090000000300040000900500170001300800410003001000170007102000270008802000300011502000230014502000260016803500240019404000540021805000240027208200260029624501030032224600450042526000440047030000250051449000350053950400510057450510530062565000330167865000340171170000260174515997876OSt20170105102900.0091127s2010 nyu b 000 0 eng  a 2009046064 a0415552303 (hardcover) a9780415552301 (hardcover) a0203852001 (ebook) a9780203852002 (ebook) a(OCoLC)ocn472586457 aDLCcDLCdBWKUKdBWKdYDXCPdUTOdBWXdERASAdDLC00aHV6431b.I5844 201000a363.325222bINT 201000aInternational terrorism post-9/11 :bcomparative dynamics and responses /cedited by Asaf Siniver.3 aInternational terrorism post nine/eleven aLondon ;aNew York :bRoutledge,c2010. axv, 240 p. ;c24 cm.0 aContemporary terrorism studies aIncludes bibliographical references and index.0 aIntroduction / Asaf Siniver -- "Terrorism" and political violence in the Middle East and North Africa : drivers and limitations / Gerd Nonneman -- Radicalism, extremism, and government in North Africa / George Joffé -- Strategic confusion : America's conflicting strategies and the war on terrorism / David Hastings Dunn and Oz Hassan -- American counter-terrorism through the rewards for justice program, 1984-2008 / Steve Hewitt -- British armed forces and European Union perspectives on countering terrorism / Major General Graham Messervy-Whiting -- The development of the UK intelligence community after 9/11 / Sir Francis Richards -- Israel and the Al-Aqsa intifada : the conceptzia of terror / Clive Jones -- Russia and counter terrorism : a critical appraisal / Cerwyn Moore and David Barnard-Wills -- Fixing the elusive : India and the foreignness of terror / Ted Svensson -- Australian identity, interventionism, and the war on terror / Jack Holland and Matt McDonald -- Counter-terrorism in Southeast Asia post 9/11 / Andrew T. H. Tan. 0aWar on Terrorism, 2001-2009. 0aTerrorismxGovernment policy.1 aSiniver, Asaf,d1976-